Hospodárska spolupráca SFRJ a ČSFR z hľadiska pôsobenia firmy "Industriaimport" Titograd dizertačná práca

Salvato in:
Dettagli Bibliografici
Autore principale: Radulovic', Zoran
Ente Autore: Vysoká škola ekonomická v Bratislave. Obchodná fakulta
Altri autori: Torma, Štefan
Natura: Libro
Lingua:slovacco
Pubblicazione: Bratislava 1988
Soggetti:
Tags: Aggiungi Tag
Nessun Tag, puoi essere il primo ad aggiungerne!!

MARC

LEADER 00000nbm a2200000 4500
001 0168902
005 20230116095425.0
041 0 |a slo 
044 |a SK 
245 1 0 |a Hospodárska spolupráca SFRJ a ČSFR z hľadiska pôsobenia firmy "Industriaimport" Titograd  |b dizertačná práca  |c Zoran Radulovic' ; školiteľ: Štefan Torma 
264 1 |a Bratislava  |c 1988 
300 |a 170 s. 
610 2 0 |a spolupráca hospodárska medzinárodná 
610 2 0 |a Juhoslávia 
610 2 0 |a Československo 
100 1 |a Radulovic', Zoran 
700 1 |a Torma, Štefan 
710 2 |a Vysoká škola ekonomická v Bratislave. Obchodná fakulta